All Turkish Super League Teams Ever - Statistics

General Stats
  • This quiz has been taken 26 times
    25 since last reset
  • The average score is 29 of 76
Answer Stats
Team % Correct
Galatasaray
100%
Fenerbahçe
90%
Beşiktaş
80%
Trabzonspor
80%
Bursaspor
75%
Ankaraspor
70%
Antalyaspor
70%
Başakşehir
70%
Sivasspor
70%
Ankaragücü
65%
Gençlerbirliği
65%
Gaziantepspor
60%
Karagümrük
60%
Kasımpaşa
60%
Kayserispor
60%
Konyaspor
60%
Rizespor
60%
Adana Demirspor
55%
Adanaspor
55%
Alanyaspor
55%
Altay
55%
Denizlispor
55%
Göztepe
55%
Karşıyaka
55%
Erzurumspor
50%
Kocaelispor
50%
Balıkesirspor
45%
Eskişehirspor
45%
Eyüpspor
45%
Manisaspor
45%
Mersin İdman Yurdu
45%
Orduspor
45%
İstanbulspor
40%
Malatyaspor
40%
Pendikspor
40%
Sarıyer
40%
Ümraniyespor
40%
Vanspor
40%
Yeni Malatyaspor
40%
Akhisarspor
35%
Altınordu
35%
Diyarbakırspor
35%
Gaziantep FK
35%
İzmirspor
35%
Bucaspor
30%
Elazığspor
30%
Giresunspor
30%
Hatayspor
30%
Karabükspor
30%
Sakaryaspor
30%
Yozgatspor
30%
Bodrum FK
25%
Ankara Demirspor
20%
Boluspor
20%
Hacettepe
20%
Kayseri Erciyesspor
20%
Keçiörengücü
20%
Zonguldakspor
20%
Aydınspor
15%
Beyoğluspor
15%
Çanakkale Dardanelspor
15%
Kahramanmaraşspor
15%
Kırıkkalespor
15%
Petrol Ofisi
15%
Türk Telekom
15%
Sebatspor
10%
Şekerspor
10%
Siirtspor
10%
Vefa
10%
Zeytinburnuspor
10%
Alibeyköyspor
5%
Bakırköyspor
5%
Beykoz 1908
5%
Feriköy
5%
Samsunpor
5%
Yeşildirek
5%
No matching quizzes found
Score Distribution
Percent of People with Each Score
Percentile by Number Answered
Your Score History
You have not taken this quiz since the last reset